[Event "Chigorin Memorial 21st"]
[Site "St Petersburg"]
[Date "2013.10.12"]
[Round "8"]
[White "Bykova, Anastasia"]
[Black "Shemenko, Georgy"]
[Result "1-0"]
[WhiteElo "2083"]
[BlackElo "1802"]
[PlyCount "83"]
[EventDate "2013.10.05"]
[EventType "swiss"]
[EventRounds "9"]
[EventCountry "RUS"]
[SourceTitle "CBM 156 Extra"]
[Source "ChessBase"]
[SourceDate "2013.10.22"]
[SourceVersion "1"]
[SourceVersionDate "2013.10.22"]
[SourceQuality "1"]

1. d4 Nf6 2. Nf3 g6 3. Bg5 Bg7 4. Nbd2 d5 5. e3 0-0 6. Be2 Nbd7 7. 0-0 c5 8. c3 cxd4 9. cxd4 Nb6 10. h3 Bf5 11. Qb3 Rc8 12. Rfc1 Qd7 13. Bb5 Qe6 14. a4 Rxc1+ 15. Rxc1 Rc8 16. Rc3 Rxc3 17. bxc3 a6 18. Bf1 Qc6 19. Ne5 Qc7 20. Bf4 Nh5 21. Bh2 Bxe5 22. Bxe5 Qc6 23. a5 Nc4 24. Nxc4 dxc4 25. Bxc4 Be6 26. d5 Qc5 27. Bd4 Qxa5 28. dxe6 b5 29. exf7+ Kf8 30. Be2 Ng7 31. Bxg7+ Kxg7 32. Bf3 Qb6 33. Bd5 a5 34. c4 b4 35. Qb2+ Qf6 36. Qxf6+ exf6 37. c5 a4 38. c6 b3 39. c7 b2 40. Ba2 b1Q+ 41. Bxb1 Kxf7 42. c8Q 1-0

[Event "Chigorin Memorial 21st"]
[Site "St Petersburg"]
[Date "2013.10.09"]
[Round "5"]
[White "Shemenko, Georgy"]
[Black "Kiseleva, Arina"]
[Result "1-0"]
[WhiteElo "1802"]
[BlackElo "1992"]
[PlyCount "157"]
[EventDate "2013.10.05"]
[EventType "swiss"]
[EventRounds "9"]
[EventCountry "RUS"]
[SourceTitle "CBM 156 Extra"]
[Source "ChessBase"]
[SourceDate "2013.10.22"]
[SourceVersion "1"]
[SourceVersionDate "2013.10.22"]
[SourceQuality "1"]

1. e4 c5 2. Nf3 d6 3. c3 Nf6 4. Be2 Nc6 5. d4 cxd4 6. cxd4 e6 7. Nc3 Be7 8. 0-0 0-0 9. Bg5 Ne8 10. Bxe7 Nxe7 11. Nd2 Nc7 12. f4 f5 13. e5 dxe5 14. dxe5 Qd4+ 15. Kh1 Ned5 16. Nxd5 Nxd5 17. Nc4 Qxd1 18. Bxd1 b6 19. Bf3 Ba6 20. Rfc1 Rad8 21. Bxd5 Rxd5 22. Nd6 g5 23. g3 Rd2 24. b4 Be2 25. Rc3 g4 26. Nc4 Rd4 27. Rac1 Rc8 28. Nd6 Rxc3 29. Rxc3 Bf3+ 30. Kg1 Rd1+ 31. Kf2 Rd2+ 32. Ke3 Re2+ 33. Kd3 Rxa2 34. Rc8+ Kg7 35. Rc7+ Kg6 36. Re7 Bd5 37. Ne8 Ra3+ 38. Kd2 Ra2+ 39. Kd3 Ra3+ 40. Kd4 Ra4 41. Rg7+ Kh6 42. Rg5 Rxb4+ 43. Kd3 Rc4 44. Nf6 Rc8 45. Ng8+ Rxg8 46. Rxg8 b5 47. Kc3 a5 48. Kd4 b4 49. Kc5 b3 50. Rb8 Kg7 51. Kb5 h6 52. Kxa5 Kf7 53. Ka4 Ke7 54. Ka3 Kd7 55. Rh8 Kc6 56. Rxh6 Kc5 57. Rh8 Kd4 58. Rd8 Kc3 59. Re8 Kd3 60. Kb2 Kd4 61. Rd8 Ke4 62. Rxd5 Kxd5 63. Kxb3 Kc5 64. Kc3 Kd5 65. Kb4 Kc6 66. Kc4 Kb6 67. Kb4 Kc6 68. Kc4 Kb6 69. Kd4 Kb5 70. Ke3 Kc4 71. Kf2 Kd3 72. Kg2 Ke3 73. h4 gxh3+ 74. Kxh3 Ke4 75. Kh4 Kf3 76. Kh3 Ke4 77. Kg2 Ke3 78. Kg1 Ke2 79. g4 1-0

[Event "Chigorin Memorial 21st"]
[Site "St Petersburg"]
[Date "2013.10.08"]
[Round "4"]
[White "Soliva Ruiz, Ramon"]
[Black "Shemenko, Georgy"]
[Result "0-1"]
[WhiteElo "1589"]
[BlackElo "1802"]
[PlyCount "82"]
[EventDate "2013.10.05"]
[EventType "swiss"]
[EventRounds "9"]
[EventCountry "RUS"]
[SourceTitle "CBM 156 Extra"]
[Source "ChessBase"]
[SourceDate "2013.10.22"]
[SourceVersion "1"]
[SourceVersionDate "2013.10.22"]
[SourceQuality "1"]

1. d4 Nf6 2. c4 g6 3. Nf3 Bg7 4. Nc3 d5 5. e3 0-0 6. cxd5 Nxd5 7. Bc4 Nxc3 8. bxc3 c5 9. Qc2 Nc6 10. a3 Bg4 11. Be2 cxd4 12. cxd4 Rc8 13. Qa4 e5 14. Bb2 Bxf3 15. Bxf3 exd4 16. Rd1 Qb6 17. Bxc6 Qxb2 18. Bf3 dxe3 19. fxe3 Bc3+ 20. Kf1 Rfe8 21. Be4 b5 22. Qc2 Qxc2 23. Bxc2 Bb2 24. Bb3 Rxe3 25. Ba2 Rxa3 26. Bd5 b4 27. g3 Rc2 28. Be4 Rc4 29. Bd5 Rd4 30. Kg2 b3 31. Rxd4 Bxd4 32. Rf1 b2 33. Rxf7 Kh8 34. Rb7 Bb6 35. Be4 Re3 36. Bb1 Re1 37. Ba2 b1Q 38. Bxb1 Rxb1 39. Kf3 Rb3+ 40. Kg4 h5+ 41. Kg5 Bd8+ 0-1

[Event "St Petersburg Botvinnik Memorial op"]
[Site "St Petersburg"]
[Date "2012.08.29"]
[Round "5"]
[White "Akkozov, Berik"]
[Black "Shemenko, Georgy"]
[Result "1-0"]
[WhiteElo "2401"]
[BlackElo "1746"]
[PlyCount "119"]
[EventDate "2012.08.25"]
[EventType "swiss"]
[EventRounds "9"]
[EventCountry "RUS"]
[SourceTitle "CBM 150 Extra"]
[Source "ChessBase"]
[SourceDate "2012.10.19"]
[SourceVersion "1"]
[SourceVersionDate "2012.10.19"]
[SourceQuality "1"]

1. c4 Nf6 2. Nf3 g6 3. Nc3 Bg7 4. g3 0-0 5. Bg2 d5 6. cxd5 Nxd5 7. 0-0 Nc6 8. a3 Bg4 9. h3 Be6 10. d4 Nb6 11. e3 Bc4 12. Re1 e5 13. b3 Be6 14. Nxe5 Nxe5 15. dxe5 Bxe5 16. Qc2 Nd5 17. Bb2 Nxc3 18. Bxc3 Bxc3 19. Qxc3 c6 20. h4 h5 21. b4 Qb6 22. a4 a5 23. Reb1 axb4 24. Rxb4 Qa5 25. Qb2 Bc8 26. Rf4 Ra6 27. Rb1 Qd8 28. Qb3 Qe7 29. Be4 Qe6 30. Qc3 Rxa4 31. Bd5 Qxd5 32. Rxa4 b5 33. Rd4 Qf3 34. Rc1 Bh3 35. Qxc6 Qe2 36. Qc2 Qxc2 37. Rxc2 Be6 38. Rcd2 Kg7 39. Rd8 Rxd8 40. Rxd8 b4 41. Rb8 b3 42. e4 Kf6 43. Rb5 Bc4 44. Rb4 Be6 45. Kf1 Ke5 46. Ke2 Kd6 47. Kd3 Kc5 48. Kc3 f5 49. exf5 gxf5 50. Rb8 Kd6 51. Rh8 Bf7 52. Rh7 Ke7 53. Rh6 Kd7 54. Rf6 Be6 55. Rg6 Bf7 56. Rg5 Ke6 57. Kxb3 Ke5+ 58. Kc3 Ke4 59. f3+ Ke5 60. g4 1-0